كتاب الإيقان / Kitāb al-īqān

محفوظ في:

المؤلف الرئيسي: Baháʼuʼlláh.

التنسيق: كتاب

اللغة: Undetermined

منشور في: Al-Qāhirah Matbaeat al-sáʼada 1934

الوسوم: إضافة وسم

لا توجد وسوم, كن أول من يضع وسما على هذه التسجيلة!

رقم الطلب: P50 BAA

LEADER 00345nam a2200121Ia 4500
008 240404s9999||||xx |||||||||||||| ||und||
050 4 |a P50 BAA 
100 1 |a Baháʼuʼlláh. 
245 1 0 |a كتاب الإيقان / Kitāb al-īqān  |c Baháʼuʼlláh 
264 1 |a Al-Qāhirah  |b Matbaeat al-sáʼada  |c 1934 
300 |a 178  |c 23 
942 |2 lcc  |c BK 
999 |c 58077  |d 58077